| 000 | 00000nam 2200000zi 4500 |
| 001 | 9.922188 |
| 003 | CaOODSP |
| 005 | 20230503085600 |
| 006 | m o d f |
| 007 | cr |n||||||||| |
| 008 | 230503s2022 onca ob f|0| 0 fre d |
| 040 | |aCaOODSP|bfre|erda|cCaOODSP |
| 043 | |an-cn--- |
| 086 | 1 |aT44-3/33-2022F-PDF |
| 100 | 1 |aLu, Henry, |eauteur. |
| 245 | 10|aRésumé de recherche - évaluation et analyse des batteries au lithium ionique non conformes aux normes selon les tests du manuel UN 38.3 / |cHenry Lu. |
| 264 | 1|aOttawa : |bTransport Canada = Transports Canada, |c2022. |
| 300 | |a1 ressource en ligne (6 pages) : |billustrations |
| 336 | |atexte|btxt|2rdacontent/fre |
| 337 | |ainformatique|bc|2rdamedia/fre |
| 338 | |aressource en ligne|bcr|2rdacarrier/fre |
| 500 | |aPublié aussi en anglais sous le titre : Evaluation and analysis of substandard lithium batteries by UN 38.3 testing. |
| 500 | |aLe n° de catalogue (T44-3/33-2022E-PDF) et l’ISBN (978-0-660-46834-1) imprimés dans cette publication sont incorrects. |
| 504 | |aComprend des références bibliographiques (page 6). |
| 650 | 6|aPiles au lithium. |
| 650 | 6|aSubstances dangereuses|xTransport|zCanada. |
| 710 | 1 |aCanada. |bTransports Canada, |eorganisme de publication. |
| 775 | 08|tEvaluation and analysis of substandard lithium-ion batteries by UN 38.3 testing / |w(CaOODSP)9.918669 |
| 856 | 40|qPDF|s307 Ko|uhttps://publications.gc.ca/collections/collection_2023/tc/T44-3-33-2022-fra.pdf |